| 000 | 00838nam a22002057a 4500 | ||
|---|---|---|---|
| 005 | 20251202133639.0 | ||
| 008 | 251202b |||||||| |||| 00| 0 eng d | ||
| 020 |
_a9789058092359 _qpbk. |
||
| 041 | _aeng | ||
| 082 |
_a624.15136 _bSHR |
||
| 100 | _aShroff,, Arvind V. ; Shah, Dhananjay L. | ||
| 245 |
_aSoil mechanics and geotechnical engineering _c/ Arvind V. Shroff, Dhananjay L. Shah |
||
| 250 | _a1st ed. | ||
| 260 |
_aLisse _bA.A. Balkema _c©2003 |
||
| 300 |
_axiii, 533 p. _b: ill. _c; 24 cm. |
||
| 504 | _aBib and Ref | ||
| 520 | _aExamining the core principles of soil mechanics and geotechnical engineering, this text also covers the design methodology of shallow and deep foundations, as well as ground improvement techniques, such as reinforced earth and geotextiles. | ||
| 650 | _aSoil mechanics | ||
| 942 | _cENGLISH | ||
| 999 |
_c599688 _d599688 |
||